| 000 | 00967nas a2200313 4500 | ||
|---|---|---|---|
| 001 | BR2012000476 | ||
| 003 | BR-BrBNA | ||
| 005 | 20231205120027.0 | ||
| 007 | ta | ||
| 008 | 230509b bl.|||p| |||| 00| 00por d | ||
| 040 |
_aBR-BrBNA _bpor _cBiblioteca Nacional de Agricultura |
||
| 041 | _a(Pt) | ||
| 072 | _aF01 | ||
| 100 | 1 | _aGomes, J.W. da S. | |
| 100 | 1 | _aDias, N. da S. | |
| 100 | 1 | _aOliveira, A.M. de | |
| 100 | 1 | _aBlanco, F.F. | |
| 100 | 1 | _aSousa Neto, O.N. de | |
| 245 | 1 | _aCrescimento e produção de tomate cereja em sistema hidropônico com rejeito de dessalinização | |
| 650 | _aTOMATE | ||
| 650 | _aCRESCIMENTO | ||
| 650 | _aCULTIVO HIDROPÔNICO | ||
| 650 | _aSOLUÇÃO NUTRITIVA | ||
| 650 | _aSALINIDADE | ||
| 650 | _aEVAPOTRANSPIRAÇÃO | ||
| 773 | 0 |
_tRevista Ciência Agronômica (Brazil) _xISSN 0045-6888 _g(Oct-Dec 2011), v. 42(4) p. 850-856 _wBR2012000476 |
|
| 909 |
_a202311 _bLúcia _c55 _dLúcia Elande |
||
| 942 |
_2AGRIS _n0 _cANA |
||
| 999 |
_c216734 _d216734 |
||